| 000 | 01236nam a22003737a 4500 | ||
|---|---|---|---|
| 003 | CHAP | ||
| 005 | 20220329141503.0 | ||
| 008 | 971013s1984 r 00010 d | ||
| 010 | _a68923 | ||
| 011 | _a69895 | ||
| 035 | _a79373 | ||
| 040 | _cCHAP | ||
| 082 |
_a595.752 _bB5 |
||
| 100 | 0 | 0 |
_aBlackman, R. L. _913007 |
| 245 |
_aAphids on the world's crops _b: an identification guide |
||
| 260 |
_aChichester : _bWiley, _c1984 |
||
| 300 |
_a466 p. _b: ilus. |
||
| 500 | _a32-71 | ||
| 590 |
_aBATCH-UPD _b10 _c20130109 _lUCH01 _h2318 |
||
| 590 |
_aBATCH-UPD _b10 _c20130110 _lUCH01 _h0258 |
||
| 590 |
_aBATCH-UPD _b10 _c20130110 _lUCH01 _h1745 |
||
| 590 |
_aBATCH-UPD _b10 _c20130409 _lUCH01 _h1840 |
||
| 590 |
_aBATCH-UPD _b10 _c20130409 _lUCH01 _h2330 |
||
| 590 |
_aBATCH-UPD _b10 _c20130913 _lUCH01 _h2004 |
||
| 590 |
_aCONVERSION _b10 _c20130109 _lUCH01 _h1338 |
||
| 650 | 1 | 4 |
_aAfídidos. _91031 |
| 650 | 1 | 4 |
_aCultivos _xPlagas. _930305 |
| 650 | 1 | 4 |
_aInteracción huésped-parásito. _959512 |
| 700 | 0 |
_aEastop, Víctor Frank. _935008 |
|
| 901 | _aBK | ||
| 942 | _cLIBRO | ||
| 949 |
_a595.752 B5 _bBC _cC _d33724000516068 _eC _gI.146806 _h75836 _i79373 _si _t705.19 |
||
| 949 |
_a595.752 B5 _bBC _cC _d33724000516076 _eC _fc.2 _h78980 _i79373 _si _t705.19 |
||
| 999 |
_c68923 _d68923 |
||